000 01010nam a2200325Ia 4500
003 OSt
005 20220912145217.0
006 a|||||r|||| 00| 0
007 ta
008 220909b |||||||| |||| 00| 0 eng d
020 _a817179520X (pbk)
024 _a82243
037 _b181, 18/09/2008, Ashutosh Technical Books
037 _cTextual
040 _aCSL
_beng
_cCSL
041 _aeng
082 _aB28ObG, N7 CC6
100 _aMahajan B K
245 0 _aMethods in biostatistics for medical students and research workers
250 _a6
260 _aNew Delhi
_bJaypee Brothers Medical Publishers
_c1997
300 _axv, 341p.
_ccm.
500 _aAppendices I-VII, 327-336p.; Bibliography 337-338p.; Index 339-341p.
650 _a Biostatistics
650 _a Variability
650 _aAnthropology
942 _hB28ObG, N7 CC6
_cTEXL
_2CC
999 _c26001
_d26001